000 02377nam0a2200337 i 4500
001 RU\NLR\BIBL_A\010923351
005 20241114214604.0
010 _a9785433100879
_9500
021 _aRU
_b2015-90580
_95580
035 _a(NILC)RuMoRGB-008076937
035 _a(NLR Aleph) 010923351
090 _a10687502
_c10687502
100 _a20151210d2014 k y0rusy50 ca
101 0 _arus
102 _aRU
105 _aa|||z|||000yy
200 1 _aВоенно-патриотическое воспитание курсантов факультетов среднего профессионального образования вузов Министерства обороны Российской Федерации
_eмонография
_eучебное пособие для курсантов, слушателей, обучающихся на факультете СПО по специальностям 19.06.01 "Автомобили и автомобильное хозяйство", 23.02.03 "Техническое обслуживание и ремонт автомобильного транспорта" (ВУС-837,849), 11.02.10 "Радиосвязь, радиовещание и телевидение", 11.02.11 "Сети связи и системы коммуникации" (ВУС-474,476), 11.02.09 "Многоканальные телекоммуникационные системы" (ВУС-460,462,465,404)
_fКостин К.К., Старков Р.В.
_gРяз. высш. воздуш.-десант. команд. училище (воен. ин-т) им. ген. армии В.Ф. Маргелова
210 _aРязань
_cРВВДКУ
_d2014
215 _a284 с.
_cил.
_d20
320 _aБиблиогр.: с. 208-218 (176 назв.) и в подстроч. примеч.
606 _aВысшие военно-учебные заведения
_xКурсанты
_xПатриотическое воспитание
_92531482
_3RU\NLR\AUTH\661499427
675 _a355/359
686 1 _aЦ4,6(2Р)915.24
700 1 _aКостин
_bК. К.
_gКирилл Константинович
701 1 _aСтарков
_bР. В.
_gРоман Валерьевич
801 0 _aRU
_bРГБ
_c20151120
_gRCR
801 1 _aRU
_bРГБ
_c20151120
_2rusmarc
942 _cBOOK
980 _aNBR